Investors check into hotels (Record no. 84190)

MARC details
000 -LEADER
fixed length control field 00923cab a22001935a 4500
001 - CONTROL NUMBER
control field L156893
008 - FIXED-LENGTH DATA ELEMENTS--GENERAL INFORMATION
fixed length control field 120727e2012 xxk 000 0 eng d
035 ## - SYSTEM CONTROL NUMBER
System control number (Sirsi) u156893
041 0# - LANGUAGE CODE
Language code of text/sound track or separate title eng
110 2# - MAIN ENTRY--CORPORATE NAME
Corporate name or jurisdiction name as entry element EuroProperty
9 (RLIN) 1216
245 00 - TITLE STATEMENT
Title Investors check into hotels
260 ## - PUBLICATION, DISTRIBUTION, ETC.
Date of publication, distribution, etc. 2012
490 #0 - SERIES STATEMENT
Series statement EuroProperty
Volume/sequential designation 23 July 2012
-- 16-17(2)
520 ## - SUMMARY, ETC.
Summary, etc. Hotel investment has come to the fore in recent years. Data from IPD's Pan-European hotel sample note the sector's consistent risk-adjusted returns that beat other sectors' performance. The sample achieved total returns of 6.6% year-on-year in 2011 in euros or 6% in local currencies. The investment performance of hotels has been more stable than most commercial property sectors. Graphics cover UK hotels v UK commercial property, and 2011 hotel returns across Europe.
590 ## - LOCAL NOTE (RLIN)
Local note KA
651 #4 - SUBJECT ADDED ENTRY--GEOGRAPHIC NAME
Geographic name Europe
690 ## - LOCAL SUBJECT ADDED ENTRY--TOPICAL TERM (OCLC, RLIN)
Topical term or geographic name as entry element Commercial property
9 (RLIN) 6227
942 ## - ADDED ENTRY ELEMENTS (KOHA)
Suppress in OPAC 0
Holdings
Withdrawn status Lost status Source of classification or shelving scheme Damaged status Not for loan Home library Current library Shelving location Date acquired Total Checkouts Full call number Barcode Date last seen Copy number Price effective from Koha item type
    Dewey Decimal Classification     London London Journal article 27/07/2012   L156893 156893-3001 06/08/2019 1 06/08/2019 Journal article